000 00495nam a2200181Ia 4500
001 4966
005 20260306145833.0
008 260306t1993||||xx |||||||||||||| ||spa||
041 _aESP
082 _a332.1
_bM26
100 _aMarthans León, Juan José,
_eAUT
245 0 _aLa banca en los programas de estabilización :
_btres años de politica financiera en el Perú
260 _c1993
300 _a242 páginas :
_c20 cm.
650 _aGEN
654 _aCAN
942 _cLIB
_dJUS
_fJUS
_2ddc
_n
999 _c4966
_d4966